00373pab a2200145 454500008004000000100001600040245006900056260000900125300001500134650000800149650001800157650001000175700001600185773002600201180718b2006 xxu||||| |||| 00| 0 eng d aUppal, R.K. aGlobalization and banking industry: challenges and opportunities c2006 ap.183-216. aWTO aGlobalization aBanks aKaur, Rimpi aManagement and Change